La fiscala̕ europea

Bibliographic Details
Main Author: Bachmaeir Winter, Lorena
Format: eBook
Language:Spanish
Published: Madrid: Marcial Pons, 2018
Subjects:
Online Access:Acceso restringido

MARC

LEADER 00000nam a22000007a 4500
005 20211102214812.0
007 cr|||| ||||
008 211102s2018 eu |||||s|||| 00||0 spa d
020 |a 978-84-9123-716-7 
035 |a 33637 
040 |a vLex 
090 |c 12628  |d 12628 
100 1 |a Bachmaeir Winter, Lorena 
245 1 2 |a La fiscala̕ europea  |h [Recurso electrn̤ico] /  |c Lorena Bachmaeir Winter 
256 |a Servicio en ln̕ea 
260 |a Madrid:  |b Marcial Pons,  |c 2018 
300 |a 1 recurso electrn̤ico 
500 |a Tras casi veinte aǫs de negociaciones, el 12 de octubre de 2017 finalmente se adoptaba el Reglamento europeo para el establecimiento de una Fiscala̕ Europea. Esta novedosa institucin̤, basada en una estructura centralizada, actuar ̀a travš de Fiscales Delegados nacionales en cada uno de los Estados miembros y ser ̀competente para investigar y enjuiciar los delitos de fraude contra los intereses financieros de la Unin̤ definidos en la Directiva 2017/1371. Nos encontramos ante un nuevo actor en el m̀bito de la justicia penal de la Unin̤ Europea, regido por el principio de cooperacin̤ leal con las instituciones nacionales, y cuya misin̤ es defender los intereses de todos los contribuyentes europeos a travš de una accin̤ penal eficiente frente al fraude. El presente libro aborda los retos que plantea la implantacin̤ y el funcionamiento de esta Fiscala̕ supranacional, poniendo especial ňfasis en la dimensin̤ de los derechos fundamentales de los acusados en los procesos penales transnacionales. Este volumen es el resultado de la fructf̕era cooperacin̤ entre el mundo cientf̕ico acadm̌ico y la experiencia prc̀tica aportada tanto desde la Fiscala̕ como de la Abogaca̕ del Estado, lo cual aporta un indudable valor aądido a la obra. Todos sus autores son expertos en la materia y muchos de ellos han estado directamente vinculados en el desarrollo del proyecto de creacin̤ de la futura Fiscala̕ Europea. 
506 1 |a Disponible solo en los productos indicados  |d vLex Global  |d vLex Global (Academic Edition, excluding Law Schools)  |d vLex Global (U.S. Academic Edition, Law Schools)  |d vLex Global (U.S. Academic Edition, excluding Law Schools)  |d vLex Global (Academic Edition, Law Schools) 
650 0 4 |a Derecho Comunitario  |z Unin̤ Europea 
650 0 4 |a Derecho Procesal  |z Unin̤ Europea 
650 0 4 |a Procedimiento Penal  |z Unin̤ Europea 
740 0 |a vLex Libros (Servicio en ln̕ea) 
856 4 0 |u https://app.vlex.com/#/sources/33637  |z Acceso restringido 
942 |c BOOK 
999 0 |a Community Law 
999 0 |a Procedural Law 
999 0 |a Criminal Procedure